Movies Quiz

Random Movies or Animation Quiz

Disney Cats Quiz Stats

 Plays Quiz Updated Jan 27, 2016

Challenge
Share
Tweet
Score 0/20 Timer 06:00
4 Plays Today
Number Character % Correct
Simba
97.4%
Tigger
97.2%
Cheshire Cat
86.1%
Scar
85.6%
Mufasa
81.6%
Shere Khan
65.5%
Si and Am
61%
Oliver
61%
Prince John
56.7%
Lucifer
55.1%
Number Character % Correct
Bagheera
52.6%
Rajah
49%
Thomas O'Malley
47.7%
Duchess
46.7%
Figaro
41%
Yzma
37.6%
Toulouse
27.3%
Dinah
21.5%
Sabor
20.5%
Mittens
20.3%

You're not logged in!

Compare scores with friends on all Sporcle quizzes.
Join for Free
OR
Log In

You Might Also Like...

Show Comments

Extras

Top Quizzes Today


Score Distribution

Your Account Isn't Verified!

In order to create a playlist on Sporcle, you need to verify the email address you used during registration. Go to your Sporcle Settings to finish the process.

Report this User

Report this user for behavior that violates our Community Guidelines.

Details: